All WCW Title Winners - Statistics

General Stats
  • This quiz has been taken 334 times
  • The average score is 174 of 285
Answer Stats
Title Champion % Correct
World Heavyweight Hulk Hogan
99%
World Heavyweight Booker T
97%
International World Heavyweight | United States | World Heavyweight Ric Flair
97%
International World Heavyweight | United States | World Heavyweight | World Tag Team Sting
97%
World Heavyweight | World Tag Team Kevin Nash
96%
United States | World Tag Team David Flair
92%
United States | World Heavyweight | World Tag Team Goldberg
92%
Television | United States | World Tag Team Scott Hall
92%
World Tag Team Booker T
90%
Cruiserweight | United States Eddie Guerrero
90%
World Heavyweight Randy Savage
90%
Television | U.S. Tag Team | United States | +2 others Scott Steiner
90%
World Tag Team Steve Austin
90%
Cruiserweight | Cruiserweight Tag Team | World Tag Team Rey Misterio Jr.
89%
Television | U.S. Tag Team | United States | World Tag Team Rick Steiner
89%
Television | United States Steve Austin
89%
United States | World Heavyweight | World Tag Team Bret Hart
88%
Television | United States | World Heavyweight | World Tag Team Chris Benoit
88%
Cruiserweight | Television | World Heavyweight Chris Jericho
88%
Television | United States | World Heavyweight | World Tag Team Diamond Dallas Page
88%
Television | United States | World Heavyweight | World Tag Team Lex Luger
88%
Television | United States | World Tag Team Booker T
87%
World Tag Team Lieutenant Loco
86%
World Heavyweight | World Tag Team The Giant
85%
Cruiserweight Chavo Guerrero Jr.
84%
Cruiserweight | United States Dean Malenko
84%
United States | World Heavyweight Vader
84%
World Tag Team Dean Malenko
81%
World Tag Team Stevie Ray
81%
United States | World Heavyweight Jeff Jarrett
80%
World Heavyweight Vince Russo
80%
World Heavyweight David Arquette
79%
United States | World Tag Team Raven
78%
World Heavyweight The Rock
78%
U.S. Tag Team | World Heavyweight | World Tag Team Ron Simmons
77%
United States | World Heavyweight Sid Vicious
77%
Television Stevie Ray
76%
Television | World Tag Team Arn Anderson
75%
Television | World Tag Team Perry Saturn
75%
United States | World Heavyweight Kurt Angle
74%
Cruiserweight | Cruiserweight Tag Team | World Tag Team Billy Kidman
73%
Light Heavyweight | World Tag Team Brian Pillman
72%
World Tag Team Rocco Rock
71%
World Tag Team Buff Bagwell
70%
6-Man Tag Team | United States | World Tag Team Dustin Rhodes
70%
World Tag Team Marcus Alexander Bagwell
70%
Television | United States | World Tag Team Konnan
69%
International World Heavyweight | United States Rick Rude
69%
Television | United States | World Tag Team Ricky Steamboat
67%
World Tag Team Judy Bagwell
66%
Cruiserweight | World Tag Team Juventud Guerrera
66%
United States | World Tag Team Chris Kanyon
63%
Cruiserweight | Hardcore | United States Lance Storm
63%
Television Lord Steven Regal
63%
Cruiserweight Psychosis
63%
Television | United States Hacksaw Jim Duggan
62%
World Tag Team Brian Knobbs
60%
World Tag Team Jerry Sags
60%
Cruiserweight Syxx
60%
Hardcore | United States Terry Funk
60%
Television | World Tag Team Barry Windham
59%
Hardcore | United States | World Tag Team Shane Douglas
57%
Hardcore | World Tag Team Bam Bam Bigelow
56%
United States Edge
56%
Cruiserweight Madusa
56%
United States Gen. Rection
55%
World Tag Team Kendall Windham
55%
United States | World Tag Team Curt Hennig
54%
Cruiserweight | Television | World Tag Team Disco Inferno
54%
United States Roddy Piper
54%
Hardcore Shane Helms
54%
World Tag Team Chuck Palumbo
53%
Hardcore Meng
53%
World Tag Team The Undertaker
53%
Cruiserweight | Television | World Tag Team Alex Wright
51%
Hardcore Brian Knobbs
51%
World Tag Team Bubba Ray Dudley
51%
World Tag Team D-Von Dudley
51%
World Tag Team Kane
51%
Cruiserweight Shane Helms
51%
Cruiserweight | Television Ultimo Dragon
51%
World Tag Team Jeff Hardy
50%
World Tag Team Matt Hardy
50%
World Tag Team Cactus Jack
49%
World Tag Team Kevin Sullivan
49%
World Tag Team Sean O'Haire
49%
United States Steve McMichael
49%
World Tag Team Brian Adams
48%
6-Man Tag Team | U.S. Tag Team | World Tag Team Michael Hayes
48%
Television Fit Finlay
47%
Hardcore | World Tag Team Johnny the Bull
47%
Hardcore Norman Smiley
47%
World Tag Team Butch Reed
46%
Hardcore Eric Bischoff
46%
Light Heavyweight Jushin Thunder Liger
46%
World Tag Team Scotty Riggs
46%
World Tag Team The Great Muta
46%
World Tag Team Johnny Grunge
45%
Cruiserweight | Hardcore | World Tag Team Crowbar
43%
World Tag Team Mark Jindrak
43%
Television | World Tag Team Bobby Eaton
42%
6-Man Tag Team | U.S. Tag Team | World Tag Team Jimmy Garvin
42%
World Tag Team Shawn Stasiak
41%
World Tag Team Bryan Clark
40%
Television | World Tag Team Paul Orndorff
40%
United States Rhyno
40%
Television Rick Martel
40%
Hardcore Shannon Moore
40%
Hardcore Evan Karagias
39%
World Tag Team Paul Roma
39%
Cruiserweight | United States Tajiri
38%
World Tag Team Vampiro
38%
6-Man Tag Team Badstreet
37%
Cruiserweight | Cruiserweight Tag Team Elix Skipper
37%
Television | World Tag Team Larry Zbyszko
37%
Cruiserweight Lenny Lane
37%
World Tag Team Paul Roma
37%
Television Prince Iaukea
37%
World Tag Team Steve Williams
37%
Cruiserweight The Artist
37%
6-Man Tag Team Terrance Taylor
36%
Cruiserweight Oklahoma
35%
U.S. Tag Team Terry Taylor
35%
World Tag Team Test
35%
6-Man Tag Team The Junkyard Dog
35%
Hardcore | World Tag Team Big Vito
34%
Television Johnny B. Badd
34%
United States One Man Gang
34%
World Tag Team 2 Cold Scorpio
32%
World Tag Team Corporal Cajun
32%
Cruiserweight Evan Karagias
32%
6-Man Tag Team Richard Morton
32%
6-Man Tag Team Ricky Morton
32%
World Tag Team Terry Gordy
32%
U.S. Tag Team The Barbarian
31%
Cruiserweight Daffney
30%
Light Heavyweight Brad Armstrong
28%
Cruiserweight Chris Candido
28%
U.S. Tag Team Steve Armstrong
28%
World Tag Team The Patriot
28%
Television The Renegade
27%
World Tag Team Ron Harris
26%
6-Man Tag Team Thomas Rich
26%
6-Man Tag Team Tommy Rich
26%
World Tag Team Don Harris
25%
U.S. Tag Team Greg Valentine
25%
Cruiserweight Mike Sanders
25%
United States Kensuke Sasaki
24%
6-Man Tag Team Tom Zenk
24%
World Tag Team Bunkhouse Buck
22%
Cruiserweight Shinjiro Otani
22%
International World Heavyweight Hiroshi Hase
21%
Hardcore Reno
20%
U.S. Tag Team | World Tag Team Dick Slater
19%
World Tag Team Kenny Kaos
19%
Cruiserweight Tag Team Kid Romeo
19%
Women's Akira Hokuto
17%
Light Heavyweight Scotty Flamingo
17%
6-Man Tag Team | U.S. Tag Team Big Josh
15%
U.S. Tag Team Tracy Smothers
14%
Hardcore Carl Ouellet
11%
U.S. Tag Team Firebreaker Chip
10%
U.S. Tag Team Todd Champion
10%
Women's Cruiserweight Sugar Sato
8%
Women's Devil Masami
7%
Women's Cruiserweight Toshie Uematsu
7%
Women's Cruiserweight Yoshiko Tamura
5%
No matching quizzes found
Score Distribution
Percent of People with Each Score
Percentile by Number Answered
Your Score History
You have not taken this quiz